Film Directing Fundamentals, 2nd Edition /

Unique among directing books, Film Directing Fundamentals provides a clear-cut methodology for translating a script to the screen. Using the script as a blueprint, Proferes leads the reader through specific techniques to analyze and translate its components into a visual story. A sample screenplay i...

Full description

Bibliographic Details
Main Author: Proferes, Nicholas (Author)
Corporate Author: Safari, an O'Reilly Media Company
Format: eBook
Language:English
Published: Focal Press, 2012.
Edition:2nd edition.
Subjects:
Online Access:Connect to this electronic resource

MARC

Tag First Indicator Second Indicator Subfields
LEADER 00000uam a2200000 a 4500
001 in00004128821
005 20260122210855.7
006 m o d
007 cr cn
008 010813s2012 xx o eng
020 |z 9781136069499 
020 |z 9780240805627 
035 |a (CaSebORM)9780240805627 
040 |d UtOrBLW 
041 0 |a eng 
100 1 |a Proferes, Nicholas,  |e author. 
245 1 0 |a Film Directing Fundamentals, 2nd Edition /  |c Proferes, Nicholas. 
250 |a 2nd edition. 
264 1 |b Focal Press,  |c 2012. 
300 |a 1 online resource (296 pages) 
336 |a text  |b txt  |2 rdacontent 
337 |a computer  |b c  |2 rdamedia 
338 |a online resource  |b cr  |2 rdacarrier 
347 |a text file 
520 |a Unique among directing books, Film Directing Fundamentals provides a clear-cut methodology for translating a script to the screen. Using the script as a blueprint, Proferes leads the reader through specific techniques to analyze and translate its components into a visual story. A sample screenplay is included that explicates the techniques. The book assumes no knowledge and thus introduces basic concepts and terminology. 
533 |a Electronic reproduction.  |b Boston, MA :  |c Safari,  |n Available via World Wide Web.  |d 2005. 
538 |a Mode of access: World Wide Web. 
542 |f Copyright © Focal Press 2005  |g 2005 
588 |a Online resource; Title from title page (viewed October 2, 2012) 
500 |a Electronic resource. 
655 7 |a Electronic books.  |2 local 
710 2 |a Safari, an O'Reilly Media Company. 
856 4 0 |u https://proxy.library.tamu.edu/login?url=https://go.oreilly.com/TAMU/library/view/-/9780240805627/?ar  |z Connect to this electronic resource  |t 0 
999 f f |s 44706698-111f-32b1-bf9d-3458b73488e8  |i 1e49d824-48ae-31e0-916e-f7492ed92576  |t 0 
952 f f |a Texas A&M University  |b College Station  |c Electronic Resources  |s www_evans  |d Available Online  |t 0  |h No information provided 
998 f f |t 0  |l Available Online